Total Drama ROTI Elimination Order - Statistics

General Stats
  • This quiz has been taken 96 times
  • The average score is 13 of 14
Answer Stats
Answer % Correct
Staci
97%
B
96%
Dakota
96%
Dawn
94%
Jo
94%
Brick
93%
Lightning
93%
Sam
93%
Scott
93%
Zoey
93%
Cameron
91%
Mike
91%
Anne Maria
88%
Dakotazoid
87%
No matching quizzes found
Score Distribution
Percent of People with Each Score
Percentile by Number Answered
Your Score History
You have not taken this quiz